Filosofická čítanka

Bibliographic Details
Main Author: Blecha, Ivan, 1957- (Author)
Format: Book
Language:Czech
PhysicalDescription:551 s. portréty 23 cm
Published: Olomouc Nakladatelství Olomouc 2002
ISBN:8071821128
Edition:1. vyd.
Subjects:

MARC

LEADER 00000nam a2200000 a 4500
001 vtls008699345
003 SK-MaSNL
005 20260426002125.0
008 240318s2002 xr c g f 000 0dcze
020 |a 8071821128  |q (brož.) 
040 |a SNK  |b slo  |c SNK  |e AACR2 
041 0 |a cze 
044 |a xr  |c CZ 
072 7 |a 101  |x Filozofia  |2 konspekt 
080 |a 101  |2 2001 
080 |a 14  |2 2001 
080 |a (082.21)  |2 2001 
100 1 |a Blecha, Ivan,  |d 1957-  |4 aut  |9 105145 
245 1 0 |a Filosofická čítanka  |c Ivan Blecha 
250 |a 1. vyd. 
260 |a Olomouc  |b Nakladatelství Olomouc  |c 2002 
300 |a 551 s.  |b portréty  |c 23 cm 
500 |a Pozn. 
650 0 7 |a filozofia  |2 SNKPH  |9 793 
655 7 |a antológie  |2 SNKPH  |9 70414 
919 |a 80-7182-112-8 
999 |c 910413  |d 912343 
952 |t snkBLE 14(082.21)  |a SNKUST  |b SNKUST  |y PREZ  |7 0  |p 17A0509856  |o snkIC 135820  |i snk2007/24633  |8 3  |g 12.22  |0 0  |1 0  |4 0  |d 2007-11-13  |l 0  |r 2025-04-28 00:00:00  |w 2026-02-24